| 000 | 01530nam a2200337 i 4500 | ||
|---|---|---|---|
| 001 | 98484 | ||
| 003 | ES-MaACL | ||
| 005 | 20250824042029.0 | ||
| 007 | t| | ||
| 008 | 050919s1884 sp |||| |cspa d | ||
| 080 | _a929(460)"18":7/8 | ||
| 100 | 1 |
_aPérez Martínez, José V. _991008 |
|
| 245 | 1 | 0 |
_aAnales del teatro y de la música / _cpor José V. Pérez Martínez ; _bcon un Estudio sobre el realismo en la ciencia, en el arte en general y en la literatura / por D. José Echegaray. |
| 246 | 3 | _aEstudio sobre el realismo en la ciencia, en el arte en general y en la literatura (fragmento) | |
| 260 |
_aMadrid : _bLibrería Gutenberg : _bVictoriano Suárez, _c1884 ( _fEst. Tip. de Ricardo Fé) |
||
| 300 |
_aXIV, 472 p. ; _c22 cm. |
||
| 505 | 8 | _aContiene: Año primero: 1883-1884 | |
| 530 | _aDisponible en formato digital. | ||
| 594 | _aPrecede al tít.: Crítica dramática y musical y biografías de autores, compositores y artistas. | ||
| 650 | 7 |
_aTeatros- _zMadrid _2 _9161426 |
|
| 650 | 4 |
_aTeatro español- _yS.XIX. _917346 |
|
| 650 | 4 |
_aArtistas- _zEspaña. _9135633 |
|
| 650 | 7 |
_aMúsica- _zEspaña- _yS.XIX _2 _9138414 |
|
| 650 | 4 |
_aCompositores- _zEspaña. _9173161 |
|
| 650 | 4 |
_aRealismo. _916685 |
|
| 700 | 1 |
_aEchegaray, José, _d1832-1916 _946526 |
|
| 852 |
_aES-MaACL _jG-1634 _z- Faltan p. I-VII del prólogo _z- Ded. ms. del autor al Sr. Inzenga |
||
| 852 |
_aES-MaACL _jB-2314 |
||
| 856 |
_uhttps://archive.org/details/analesdelteatroy00pruoft _zInternet Archive |
||
| 999 |
_c98484 _d98484 |
||